00413nam a2200133 a 4500008004100000020001800041050001400059100001700073245009400090260002900184300002100213350001100234650003400245160422s2014 ||||||||||||||||| || u a9783642393730 aTP 159 Xu aXu, Zhonglin10aFundamentals of air cleaning technology and its application in cleanroomscBy Zhonglin Xu aNew YorkbSpringerc2014 axvii,871p.: ill. a279.00 aAIR CONDITIONING--ENGINEERING